000 00413nam a2200181Ia 4500
001 15738
005 20260306170218.0
008 260306t1990||||xx |||||||||||||| ||und||
041 _aESP
082 _a604.2
_bG44 1990
100 _aGiesecke Frederick E.
_eAUT
245 0 _aDibujo técnico
260 _c1990
300 _a983 páginas :
_c
650 _aGEN
654 _aCAU
942 _cLIB
_dJUS
_fJUS
_2ddc
_n
999 _c15738
_d15738